00408nam a2200193Ia 4500003000900000008004100009040001300050040001300063041000800076100002100084100000900105245004000114250001300154260001100167260000900178300001100187300001000198490000600208IT-RoPAU120407s9999 xx 000 0 und d aIT-RoPAU cIT-RoPAU adeu aCostantin Noppel cs.j. aDie Neue Pfarrei. Eine Grundleguns. aFreiburg aHerder c1939 a232 p. c19 cm v1